Statistics for Maya Hawke - Sticky Little Words (Lyrics)

Click here to take the quiz!

General Stats

  • This quiz has been taken 9 times
  • The average score is 83 of 138

Answer Stats

Answer% Correct
and
100%
And
100%
hurt
100%
lil'
100%
little
100%
stick
100%
Sticky
100%
the
100%
words
100%
But
83%
heal
83%
I
83%
they
83%
They
83%
you
83%
back
67%
bring
67%
it,
67%
me
67%
never
67%
real
67%
really
67%
won't
67%
work
67%
your
67%
at
50%
ears
50%
Get
50%
If
50%
in
50%
last
50%
laugh
50%
mad
50%
make
50%
might
50%
my
50%
Oh
50%
plug
50%
so
50%
Something
50%
that
50%
this
50%
To
50%
to
50%
Was
50%
all
33%
alone
33%
away
33%
birds
33%
crash
33%
dear,
33%
dear
33%
fade
33%
fast
33%
feed
33%
guess
33%
I'll
33%
just
33%
Lately
33%
leave
33%
licks
33%
Lies
33%
low
33%
much
33%
say
33%
slow
33%
Sorry's
33%
stop
33%
string
33%
Talking's
33%
That's
33%
that's
33%
There's
33%
too
33%
will
33%
Writing's
33%

Score Distribution

Percentile by Number Answered

Percent of People with Each Score

Your Score History

You have not taken this quiz